Ghiandola ed Ormone prodotto - Quiz n°2 - Statistics

Statistiche generali
  • Questo quiz è stato fatto 17 volte
  • Il punteggio medio è 6 su 12
Statistiche sulle risposte
Hint Risposta % Corretto
Paratormone (PTH) Paratiroide
79%
Secretina Intestino tenue
64%
Colecistochinina Intestino tenue
64%
Ormone di rilascio della somatotropina (GHRH) Ipotalamo
57%
Glucagone Pancreas
57%
Ormone luteinizzante (LH) Ipofisi anteriore
50%
Ormone di rilascio della prolattina (PRF) Ipotalamo
43%
Ormone follicolo-stimolante (FSH) Ipofisi anteriore
36%
Ormone di rilascio delle gonadotropine (GnRH) Ipotalamo
36%
Inibina Testicoli
36%
Ormone tireostimolante (TSH) Ipofisi anteriore
29%
Calcitonina (CT) Paratiroide
29%
Nessun quiz corrispondente trovato
Distribuzione punteggi
Percentuale di utenti per punteggio
Percentile per numero di risposta
I tuoi punteggi nel tempo
Non hai fatto questo quiz